El patio de las brujas (Record no. 59457)

MARC details
000 -LEADER
campo de control de longitud fija 01677nac a22003017a 4500
003 - IDENTIFICADOR DE NÚMERO DE CONTROL
campo de control Co-PeBPM
005 - FECHA Y HORA DE LA ÚLTIMA TRANSACCIÓN
campo de control 20240823215933.0
007 - CAMPO FIJO DE DESCRIPCIÓN FÍSICA--INFORMACIÓN GENERAL
campo de control de longitud fija ta
008 - DATOS DE LONGITUD FIJA--INFORMACIÓN GENERAL
campo de control de longitud fija 240823s2021 ck a|||| |||| 00| 0 spa d
020 ## - NÚMERO INTERNACIONAL ESTÁNDAR DEL LIBRO
Número Internacional Estándar del Libro 9789584906762
040 ## - FUENTE DE CATALOGACIÓN
Centro catalogador/agencia de origen Co-PeBPM
Lengua de catalogación spa
Centro/agencia transcriptor Co-PeBPM
Normas de descripción rda
082 04 - NÚMERO DE LA CLASIFICACIÓN DECIMAL DEWEY
Número de clasificación Co864 C268p
Número de edición 22
100 1# - ENTRADA PRINCIPAL--NOMBRE DE PERSONA
Nombre de persona Cardona Tobón, Alfredo
Término indicativo de función/relación autor
245 10 - MENCIÓN DEL TÍTULO
Título El patio de las brujas
Resto del título : Historias y leyendas del Viejo Caldas
Mención de responsabilidad, etc. / Alfredo Cardona Tobón
250 ## - MENCION DE EDICION
Mención de edición Primera edición
260 ## - PUBLICACIÓN, DISTRIBUCIÓN, ETC.
Lugar de publicación, distribución, etc. Pereira, Colombia
Nombre del editor, distribuidor, etc. : Historia y Región,
Fecha de publicación, distribución, etc. 2021
300 ## - DESCRIPCIÓN FÍSICA
Extensión 358 páginas
Otras características físicas ilustraciones y fotografías en blanco y negro
Dimensiones 21 centímetros
490 ## - MENCIÓN DE SERIE
Mención de serie Historia y Región
500 ## - NOTA GENERAL
Nota general Incluye índice y glosario
500 ## - NOTA GENERAL
Nota general Contiene datos biográficos del autor en la solapa del texto
504 ## - NOTA DE BIBLIOGRAFÍA, ETC.
Nota de bibliografía, etc. Incluye Bibliografía
520 ## - RESUMEN, ETC.
Sumario, etc. Este nuevo libro escrito por Alfredo Cardona Tobón, recoge sucesos que identifican una comunidad rica en historias y leyendas con cultura de raíces paisas, caucanas e indígenas. El libro muestra personajes con historia y ciudadanos del común que aparentemente solo dejaron sus cenizas a la posteridad. Pero como hasta los más humildes tiene su pasado , en el Patio de la Brujas aparecen al lado de los notables, ciudadanos anónimos que pusieron el pecho a las balas defendiendo sus principios , colonos sin nombre que levantaron sus ranchos en medio de las fieras y héroes que sucumbieron en la lucha tenaz del hacha con el papel sellado.
650 14 - PUNTO DE ACCESO ADICIONAL DE MATERIA--TÉRMINO DE MATERIA
Término de materia o nombre geográfico como elemento de entrada Crónicas colombianas
Fuente del encabezamiento o término Lemb
650 14 - PUNTO DE ACCESO ADICIONAL DE MATERIA--TÉRMINO DE MATERIA
Término de materia o nombre geográfico como elemento de entrada Personajes mitológicos
Fuente del encabezamiento o término Lemb
650 14 - PUNTO DE ACCESO ADICIONAL DE MATERIA--TÉRMINO DE MATERIA
Término de materia o nombre geográfico como elemento de entrada Brujas - Historias
Fuente del encabezamiento o término Lemb
650 14 - PUNTO DE ACCESO ADICIONAL DE MATERIA--TÉRMINO DE MATERIA
Término de materia o nombre geográfico como elemento de entrada Folclor - Colombia
Fuente del encabezamiento o término Lemb
942 ## - ELEMENTOS DE ENTRADA SECUNDARIOS (KOHA)
Fuente del sistema de clasificación o colocación Clasificación Decimal Dewey
Tipo de ítem Koha Libros
Suprimir en OPAC No
Holdings
Estatus retirado Estado de pérdida Fuente del sistema de clasificación o colocación Estado de daño No para préstamo Biblioteca de origen Biblioteca actual Fecha de adquisición Fuente de adquisición Total de préstamos Total de renovaciones Signatura topográfica completa Código de barras Visto por última vez Fecha del último préstamo Copia número Precio de reemplazo Tipo de ítem Koha
    Clasificación Decimal Dewey     BIBLIOTECA PÚBLICA MUNICIPAL RAMON CORREA MEJIA BIBLIOTECA PÚBLICA MUNICIPAL RAMON CORREA MEJIA 23/08/2022 Donación 4 2 Co864 C268p 60249 30/05/2025 23/05/2025 Ej.1 23/08/2024 Libros

Powered by Koha